|
|
|
|
| LEADER |
00638nab a2200181 i 4500 |
| 001 |
acta22313 |
| 005 |
20210526100234.0 |
| 008 |
161017s1999 hu o 0|| eng d |
| 022 |
|
|
|a 0563-0592
|
| 040 |
|
|
|a SZTE Egyetemi Kiadványok Repozitórium
|b hun
|
| 041 |
|
|
|a eng
|
| 100 |
1 |
|
|a Farkas Gyula L.
|
| 245 |
1 |
3 |
|a An obituary to Prof. Dr. Ferenc Biczók
|h [elektronikus dokumentum] :
|b 1912-1998 /
|c Farkas Gyula L.
|
| 260 |
|
|
|c 1999
|
| 300 |
|
|
|a 133-137
|
| 490 |
0 |
|
|a Acta biologica
|v 43 No. 1-4
|
| 695 |
|
|
|a Biczók Ferenc, Természettudomány, Biológia
|
| 856 |
4 |
0 |
|u http://acta.bibl.u-szeged.hu/22313/1/biologica_043_133-137.pdf
|z Dokumentum-elérés
|